000 00362nam a22001337a 4500
020 _a0-245-50841-4
082 _a425 KEL
100 _aKELLY, R. A
_977884
245 _aTHE USE OF ENGLISH FOR TECHNICAL STUDENTS
260 _aLONDON
_bTHE ENGLISH LANGUAGE BOOK SOCIETY
_c1971
300 _a189P
650 _aENGLISH FOR TECHNICAL STUDENTS
_977885
942 _cBK
999 _c583073
_d583073